| 000 | 01061cam a2200229 4500 | ||
|---|---|---|---|
| 001 | ABS62571 | ||
| 008 | 000000n2000 000 0 eng u | ||
| 035 | _a(Sirsi) u107169 | ||
| 110 |
_aUnited Kingdom _bDepartment of the Environment, Transport and the Regions _93507 |
||
| 245 | _aState of the industry report | ||
| 260 | _c2000 | ||
| 490 |
_aConstruction Monitor _vJune 2000, 3-8(6) |
||
| 520 | _aA report by the DETR and a working group of economists and statisticians from the construction industry. Tabulates year on year comparisons of key performance indicators,output and tender prices and industry costs; commentary on housing; commercial property; new infrastructure; materials and products and employment and training. The data does not include statistics on employment or consultants' earnings. | ||
| 590 | _aABS | ||
| 650 | _aDETR | ||
| 650 | _aCONSTRUCTION INDUSTRY COUNCIL | ||
| 650 | _aCONSTRUCTION INDUSTRY | ||
| 650 | _aCONSTRUCTION OUTPUT | ||
| 650 | _aFORECASTS | ||
| 690 | _aBUILT ENVIRONMENT-CONSTRUCTION MARKET | ||
| 942 | _n0 | ||
| 999 |
_c64068 _d64068 |
||